000 00752nam a2200229 i 4500
001 bg
100 1 _aRadzikowski, Władysław
_d(1929-).
245 1 0 _aProgramowanie liniowe i nieliniowe w organizacji i zarządzaniu /
_cWładysław Radzikowski ; Uniwersytet Warszawski. Wydział Zarządzania.
260 _aWarszawa :
_bWydawnictwo Uniwersytetu Warszawskiego,
_c1979.
300 _a366 s. :
_bil. ;
_c25 cm.
504 _aBibliogr. s. 301-307.
650 4 _aZarządzanie
_xmetody
650 4 _aOrganizacja
_xmetody
650 4 _aProgramowanie
_xstosowanie
655 _aPodręczniki akademickie
040 _cBPK
041 0 _apol
044 _aPOL
080 _a005:519.8](075.8)
942 _cKS
008 100831s1979 pl a |000 0 pol
999 _c49666
_d49666
856 _uhttp://koha.tu.koszalin.pl/cgi-bin/koha/opac-detail.pl?biblionumber=49666
_yKatalog online BPK